00460nam a2200157Ia 4500008004100000020000700041082001900048100003700067245008100104250000800185260003800193300002400231500000700255600002000262650002000282240925s9999 xx 000 0 und d aNA a378.166205 KHA aKhan ,Tariq Ali; Arshad, Mehmood 0aFull Solved NTS Guide: GRE-GAT general (local) test with explanatory answers a1st aLahore:bDogar Publishersc,2008. a368p.bNAfOriginal aNA aSocial Sciences aSocial Sciences